The horn : a guide to the modern instrument /

Saved in:
Bibliographic Details
Main Author: Gregory, Robin
Corporate Author: Faber and Faber Ltd
Format: Book
Language:English
Published: London : Faber and Faber, 1961.
Subjects:
LEADER 01018nam a2200265 a 4500
001 c000015079
003 CARM
005 00000000000000.0
008 891106s1961 enkafg b 00010 eng d
019 1 |a 6606243  |5 LACONCORD2021 
035 |a (OCoLC)220812143  |5 LACONCORD2021 
040 |a ANL  |c ANL 
100 1 |a Gregory, Robin. 
245 1 4 |a The horn :  |b a guide to the modern instrument /  |c by Robin Gregory. 
260 |a London :  |b Faber and Faber,  |c 1961. 
300 |a 245 p., [16] p. of plates :  |b ill., music ;  |c 22 cm. 
500 |a "Uncorrected proof copy" -- Cover. 
504 |a Bibliography: p. 243-245. 
505 2 |a Appendix C: A list of music for the horn (p. 162-235) 
650 0 |a Horn (Musical instrument) 
710 2 |a Faber and Faber Ltd. 
852 8 |b CARM  |h A2:AB23A0  |i B02660  |p 0092127  |f BK 
082 0 4 |a 788.974  |2 20 
999 f f |i add8d61a-f23c-54ed-9f15-1048dfd443a2  |s ef8460be-3ef0-5d2e-abd0-d5373c4d4525 
952 f f |p Can circulate  |a CAVAL  |b CAVAL  |c CAVAL  |d CARM 1 Store  |e B02660  |f A2:AB23A0  |h Other scheme  |i book  |m 0092127